Ville d'Asie - Carte quiz - Statistiques

Statistiques générales
  • Ce quiz a été pris 125 fois
  • Le résultat moyen est 28 sur 40
Réponses sur la Carte
Les réponses sont colorées sur une échelle allant du rouge au vert en fonction du pourcentage des utilisateurs qui les ont devinées à leur premier essai. Vous pouvez retrouver ces pourcentages ci-dessous.
 
Statistiques - réponses
Réponse % Correct
Ankara
99%
Dubaï
86%
Damas
80%
Astana
78%
Pyongyang
78%
Séoul
78%
Tokyo
78%
Bangkok
77%
Tbilissi
77%
Téhéran
77%
Bombay/Mumbai
75%
New Delhi
75%
Singapour
75%
Sri Jayawardenapura Kotte
75%
Taipei
75%
Bagdad
74%
La Mecque
74%
Manille
74%
Pékin
74%
Riyad
74%
Jakarta
72%
Katmandou
72%
Bakou
71%
Osaka
71%
Oulan-Bator
71%
Phnom Penh
70%
Hong Kong
68%
Kaboul
68%
Ho-Chi-Minh-Ville
67%
Kuala Lumpur
67%
Hanoï
65%
Islamabad
65%
Shangaï
65%
Dacca
64%
Karachi
61%
Wuhan
61%
Urumqi
57%
Bichkek
52%
Achgabat
51%
Tachkent
42%
Aucun quiz correspondant
Distribution des résultats
% des personnes avec chaque résultat
Percentile par nombre de réponses
Votre historique - résultats
Vous n’avez pas pris ce quiz